Эргономика - комплексная научно-техническая дисциплина; Человеческий фактор

Detalles Bibliográficos
Parent link:Человеческий фактор: В 6-ти т./ Ред.: Г. Салвенди. Т. 1.— , 1991
Outros autores: Кристенсен Ж. (редактор), Мейстер Д., Фоули П., Назаров А. И.
Idioma:ruso
Publicado: 1991
Subjects:
Formato: Libro
KOHA link:https://koha.lib.tpu.ru/cgi-bin/koha/opac-detail.pl?biblionumber=18222

MARC

LEADER 00000nam0a2200000 4500
001 18222
005 20231030191219.0
010 |a 5030017100 
035 |a (RuTPU)RU\TPU\book\18371 
035 |a BOOK00003059 
090 |a 18222 
100 |a 20011209d1991 k y0rusy50 ca 
101 1 |a rus  |c rus 
102 |a RU 
105 |a y z 000zy 
200 1 |a Эргономика - комплексная научно-техническая дисциплина  |f Ж. Кристенсен, Д. Мейстер, П. Фоули и др.  |g под ред. А. И. Назарова 
210 |d 1991 
215 |a 599 с. 
461 |t Человеческий фактор  |o В 6-ти т.  |f Ред.: Г. Салвенди  |v Т. 1  |o пер. с англ.  |d 1991 
610 1 |a экономика 
610 1 |a человеческий фактор 
610 1 |a эргономика 
610 1 |a труд 
610 1 |a инженерная психология 
610 1 |a кадры 
610 1 |a инженерные кадры 
610 1 |a человек-оператор 
686 |a У824  |v LBC/SL-A  |2 rubbk 
701 1 |a Кристенсен  |b Ж. 
701 1 |a Мейстер  |b Д. 
701 1 |a Фоули  |b П. 
702 1 |a Назаров  |b А. И.  |4 340 
801 0 |a RU  |b 63413507  |c 20011209  |g PSBO 
801 2 |a RU  |b 63413507  |c 20121205  |g PSBO 
942 |c BK